Η περί λυτρώσεως διδασκαλία του αποστόλου Παύλου
Αποθηκεύτηκε σε:
| Κύριος συγγραφέας: | |
|---|---|
| Μορφή: | Βιβλίο |
| Γλώσσα: | Greek |
| Δημοσίευση: |
Θεσσαλονίκη :
[χ.ό.],
1962.
|
| Θέματα: | |
| Ετικέτες: |
Προσθήκη ετικέτας
Δεν υπάρχουν, Καταχωρήστε ετικέτα πρώτοι!
|
MARC
| LEADER | 00000cam a2200000 i 4500 | ||
|---|---|---|---|
| 001 | 1/82558 | ||
| 008 | 050801s1962 gr | ||| |||| ||gre|| | ||
| 035 | |l 10079560 | ||
| 040 | |a GR-MyUa |b gre |e AACR2 | ||
| 041 | 0 | |a gre | |
| 082 | 7 | |a 242.2 |2 (22) | |
| 100 | 1 | |a Αγουρίδης, Σάββας Χρ., |d 1921- | |
| 245 | 1 | 2 | |a Η περί λυτρώσεως διδασκαλία του αποστόλου Παύλου |h [ανάτυπο] / |c Σάββα Χρ. Αγουρίδου. |
| 260 | |a Θεσσαλονίκη : |b [χ.ό.], |c 1962. | ||
| 300 | |a 18 σ. ; |c 24 εκ. | ||
| 500 | |a Ανάτυπον εκ του περιοδικού "Γρηγόριος Παλαμάς" | ||
| 500 | |a Με: Ο σύγχρονος άνθρωπος και η δύναμις της προσευχής / Σάββα Αγουρίδου. - Χρόνος και αιωνιότης / υπό Σάββα Χρ. Αγουρίδου. - Πέτρος και Ιωάννης εν τω τέταρτω ευαγγέλιω / Σάββα Αγουρίδου. - Βιβλικά μελετήματα / Σάββα Χρ. Αγουρίδου | ||
| 610 | 2 | 0 | |a Orthodox Eastern Church. |
| 852 | |a INST |b RHODES |c KRI |e 20050801 |h 242.2 ΑΓΟ |p 005400022691 |q 005400022691 |t BK |y 0 | ||
| 901 | |a BIBL4-2005-2 | ||
| 970 | |a ΚΟΖΑ |b ΜΑΡΙΑ |z 2005/08/01 | ||